000 00299nam a22001457a 4500
008 221109b ||||| |||| 00| 0 eng d
020 _a9780756506414
041 _aeng
080 _a91
082 _a91
100 _a19.2
101 _agjeo
245 _aTHE HOPI
_cROSINSKY N
942 _2udc
_cBK
999 _c58823
_d58823